[Event "Challenge"]
[Site "http://www.queenalice.com/game.php?id=350820"]
[Date "2008.2.8"]
[Round "-"]
[White "hautruong"]
[Black "Gera"]
[Result "1-0"]
[WhiteElo "1948"]
[BlackElo "1829"]

1. Nf3 d5 2. e3 c5 3. c4 d4 4. exd4 cxd4 5. Bd3 Nc6 6. O-O e5 7. Qa4 Bd7 8. Qb5
Qc7 9. Be4 Bd6 10. Qb3 f5 11. Bxc6 Bxc6 12. Re1 O-O-O 13. c5 Bxc5 14. Qe6+ Bd7
15. Qxe5 Bd6 16. Qxg7 Nf6 17. Qxf6 Rhf8 18. Qxd4 Kb8 19. Qc3 Bc6 20. d4 Qf7 21.
Bg5 Rc8 22. Nbd2 Qh5 23. Qd3 Be4 24. Nxe4 fxe4 25. Qxe4 Rfe8 26. Qh4 Rxe1+ 27.
Rxe1 Qg6 28. Qh6 Qc2 29. Qxd6+ Ka8 30. Qb4 Qf5 31. Qd2 a6 32. d5 Rc2 33. Re8+
1-0

[Event "Challenge"]
[Site "http://www.queenalice.com/game.php?id=407674"]
[Date "2008.5.24"]
[Round "-"]
[White "quifaiquoi"]
[Black "hautruong"]
[Result "1/2-1/2"]
[WhiteElo "2109"]
[BlackElo "2024"]

1. d4 Nf6 2. Nf3 e6 3. c4 b6 4. Bf4 Bb7 5. Nc3 Bb4 6. e3 Ne4 7. Qc2 Nxc3 8. bxc3
Bxf3 9. gxf3 Be7 10. Rg1 Bf6 11. e4 g5 12. Bg3 d6 13. Bh3 h5 14. e5 Be7 15. exd6
cxd6 16. c5 f5 17. Bxd6 Bxd6 18. cxd6 Qxd6 19. Rxg5 Qxh2 20. Qe2 Kd7 21. Rg7+
Kd8 22. Qxe6 Re8 23. Rg8 Rxg8 24. Qxg8+ Ke7 25. Qg5+ Kd6 26. Qd8+ Kc6 27. d5+
Kb7 28. Bxf5 Qe5+ 29. Be4 Qxc3+ 30. Ke2 Qb2+ 31. Ke3 Qc3+ 32. Kf4 Qxa1 33. d6+
Nc6 34. Qc7+ Ka6 35. Qxc6 Rf8+ 36. Ke3 Qe1+ 37. Kd3 Qd1+ 38. Ke3 Qe1+ 39. Kd3
Qd1+ 40. Kc4 Qc1+ 41. Kd5 Qd2+ 42. Ke6 Qh6+ 43. Ke5 Qf6+ 44. Kd5 Qg5+ 45. Kc4
Qc1+ 46. Kd5 Qd2+ 1/2-1/2

[Event "Challenge"]
[Site "http://www.queenalice.com/game.php?id=407675"]
[Date "2008.5.24"]
[Round "-"]
[White "hautruong"]
[Black "quifaiquoi"]
[Result "1-0"]
[WhiteElo "2022"]
[BlackElo "2083"]

1. Nf3 d5 2. e3 Nf6 3. d4 g6 4. Bd3 Bg7 5. Nbd2 O-O 6. O-O Nbd7 7. b3 c5 8. Bb2
b6 9. c4 Bb7 10. Rc1 Re8 11. cxd5 Nxd5 12. Bc4 e6 13. Re1 a6 14. Ne4 Qe7 15. Ba3
Nb4 16. dxc5 Bxe4 17. Bxb4 Bb2 18. Nd2 Bxc1 19. Qxc1 bxc5 20. Bc3 Bc6 21. Qb2
Qg5 22. e4 e5 23. f4 Qh4 24. Rf1 Nb6 25. Nf3 Nxc4 26. bxc4 Qxf4 27. Nxe5 Qe3+
28. Kh1 Rab8 29. Qa1 Rxe5 30. Bxe5 Qxe4 31. Rg1 Qc2 32. Bxb8 Qxc4 33. Qf6 Qg4
34. Qxc6 1-0

[Event "AUTO-OPEN-916"]
[Site "http://www.queenalice.com/game.php?id=408810"]
[Date "2008.5.27"]
[Round "3"]
[White "Savage_king"]
[Black "hautruong"]
[Result "0-1"]
[WhiteElo "2016"]
[BlackElo "1995"]

1. d4 Nf6 2. c4 e6 3. Nc3 Bb4 4. e3 O-O 5. Bd3 b6 6. Ne2 Bb7 7. O-O d5 8. a3 Bd6
9. Ng3 dxc4 10. Bxc4 Nbd7 11. e4 e5 12. d5 Bc5 13. Nh5 c6 14. Bg5 h6 15. Nxf6+
Nxf6 16. Bxf6 Qxf6 17. dxc6 Bxc6 18. Nd5 Qh4 19. Qc2 Kh8 20. b4 Bd4 21. Rad1
Rad8 22. g3 Qh3 23. Rd3 Qg4 24. Rxd4 exd4 25. f3 Qg5 26. f4 Qg6 27. f5 Qg5 28.
Qf2 b5 29. Bb3 d3 30. h4 Qg4 31. Qf4 Qxf4 32. Rxf4 Rfe8 33. f6 d2 34. fxg7+ Kxg7
35. Nf6 d1=Q+ 36. Bxd1 Rxd1+ 37. Kh2 Re6 0-1

[Event "AUTO-OPEN-916"]
[Site "http://www.queenalice.com/game.php?id=408811"]
[Date "2008.5.27"]
[Round "3"]
[White "hautruong"]
[Black "Savage_king"]
[Result "1-0"]
[WhiteElo "2040"]
[BlackElo "1949"]

1. Nf3 d6 2. e4 Nf6 3. Nc3 c6 4. d4 Nbd7 5. Bf4 Qa5 6. Bd3 e5 7. dxe5 Nxe5 8.
O-O Nxd3 9. Qxd3 Be6 10. e5 dxe5 11. Bxe5 Rd8 12. Qe2 Be7 13. Ng5 O-O 14. Bxf6
Bxf6 15. Nxe6 Rfe8 16. Ne4 Rxe6 17. Nxf6+ Rxf6 18. Qe7 b5 19. Rad1 Rf8 20. Rfe1
Qb6 21. Re3 h6 22. a3 a5 23. Rd2 c5 24. b3 Re6 25. Rxe6 Qxe6 26. Qxe6 fxe6 27.
Rd6 a4 28. bxa4 bxa4 29. Rxe6 Rb8 30. Kf1 Rb2 31. Ra6 Rxc2 32. Rxa4 c4 33. h4 c3
34. Rc4 Rc1+ 35. Ke2 Rc2+ 36. Ke3 Rc1 37. a4 Ra1 38. Kd3 Ra2 39. Kxc3 Rxf2 40.
g4 Ra2 41. Kb4 Kf7 42. Re4 Kf6 43. Kb5 g6 44. Rb4 Ke5 45. a5 Kd6 46. Kb6 g5 47.
hxg5 hxg5 48. a6 1-0

[Event "Challenge"]
[Site "http://www.queenalice.com/game.php?id=430618"]
[Date "2008.7.10"]
[Round "-"]
[White "hautruong"]
[Black "benilux"]
[Result "1-0"]
[WhiteElo "1989"]
[BlackElo "1692"]

1. e4 e5 2. Nf3 Nc6 3. Bb5 a6 4. Ba4 b5 5. Bb3 Bb7 6. d3 Bb4+ 7. c3 Ba5 8. Ng5
Nh6 9. Qh5 O-O 10. Nf3 Qf6 11. Bxh6 Qxh6 12. Qxh6 gxh6 13. Nbd2 b4 14. Rc1 bxc3
15. bxc3 Rae8 16. Bd5 Kg7 17. O-O f5 18. Nc4 fxe4 19. Bxe4 Bb6 20. Nxb6 cxb6 21.
Rb1 b5 22. a4 Na5 23. Bxb7 Nxb7 24. axb5 a5 25. d4 e4 26. Nd2 e3 27. fxe3 Rxe3
28. Rxf8 Kxf8 29. Rb3 Nd6 30. b6 Ne4 31. Nxe4 Rxe4 32. b7 1-0

[Event "Challenge"]
[Site "http://www.queenalice.com/game.php?id=430619"]
[Date "2008.7.10"]
[Round "-"]
[White "benilux"]
[Black "hautruong"]
[Result "0-1"]
[WhiteElo "1688"]
[BlackElo "2019"]

1. d4 Nf6 2. e3 e6 3. Bd3 b6 4. Nc3 Bb7 5. Nf3 Be7 6. O-O d6 7. e4 Nbd7 8. Bg5
h6 9. Bxf6 Nxf6 10. e5 Ng4 11. exd6 Qxd6 12. Nb5 Qf4 13. g3 Qxf3 14. Qxf3 Bxf3
15. Nxc7+ Kd7 16. Nxa8 Rxa8 17. h3 Nf6 18. Rae1 h5 19. Re3 Bd5 20. c4 Bc6 21.
Rc1 Rh8 22. b3 h4 23. g4 Ne8 24. c5 Bg5 25. Ree1 Bxc1 26. Rxc1 Nc7 27. cxb6 axb6
28. f4 Nd5 29. f5 Nf4 30. fxe6+ fxe6 31. Bf1 Kd6 32. Kf2 Rf8 33. Ke3 Nxh3 34.
Bxh3 Rf3+ 0-1

[Event "Challenge"]
[Site "http://www.queenalice.com/game.php?id=452986"]
[Date "2008.8.24"]
[Round "-"]
[White "ORNELAS"]
[Black "hautruong"]
[Result "0-1"]
[WhiteElo "1782"]
[BlackElo "2012"]

1. b3 e5 2. d3 Nf6 3. Bb2 Nc6 4. g3 d5 5. Bg2 Bc5 6. Nc3 Ng4 7. e3 Bb4 8. a3
Bxc3+ 9. Bxc3 O-O 10. Nf3 d4 11. exd4 exd4 12. Bb4 Re8+ 13. Kf1 Nxb4 14. axb4 c6
15. Bh3 Ne3+ 16. Kg1 Nxd1 17. Rxd1 Bxh3 18. Nh4 g5 19. Nf5 Qd5 20. Nh6+ Kf8 21.
Ng4 Qg2# 0-1

[Event "Challenge"]
[Site "http://www.queenalice.com/game.php?id=468836"]
[Date "2008.9.26"]
[Round "-"]
[White "hautruong"]
[Black "jwsalaz"]
[Result "1-0"]
[WhiteElo "2027"]
[BlackElo "1102"]

1. d4 Nf6 2. c4 e6 3. Bg5 h6 4. Bd2 Be7 5. Nc3 O-O 6. e4 Ng4 7. Qxg4 Bg5 8. f4
Qf6 9. fxg5 Qxd4 10. gxh6 Kh8 11. Nf3 1-0

[Event "AUTO-MASTER-1083"]
[Site "http://www.queenalice.com/game.php?id=754484"]
[Date "2010.3.31"]
[Round "1"]
[White "hautruong"]
[Black "GEORGESILVA"]
[Result "0-1"]
[WhiteElo "2031"]
[BlackElo "2067"]

1. d4 f5 2. c4 Nf6 3. Nc3 e6 4. Nf3 d5 5. Bf4 c6 6. e3 Be7 7. Be2 O-O 8. Nd2 Bd7
9. Qc2 Be8 10. h3 Nbd7 11. O-O-O c5 12. g4 Ne4 13. Ndxe4 cxd4 14. Rxd4 fxe4 15.
cxd5 e5 16. Rxe4 exf4 17. exf4 Nc5 18. Rd4 Bf6 19. Rdd1 Bxc3 20. Qxc3 Rxf4 21.
Qe5 Re4 22. Qf4 Rxf4 0-1

[Event "AUTO-MASTER-1083"]
[Site "http://www.queenalice.com/game.php?id=754485"]
[Date "2010.3.31"]
[Round "1"]
[White "GEORGESILVA"]
[Black "hautruong"]
[Result "0-1"]
[WhiteElo "2084"]
[BlackElo "2018"]

1. e4 e6 2. d4 d5 3. exd5 exd5 4. Nf3 Bd6 5. c4 Nf6 6. c5 Be7 7. Nc3 O-O 8. Bd3
Nc6 9. O-O Bg4 10. Bg5 Nxd4 11. Bxf6 Bxf6 12. Kh1 Nxf3 13. gxf3 Bh5 14. Nxd5 c6
15. Nf4 Bg6 16. Nxg6 fxg6 17. Bc4+ Kh8 18. Qc2 Bd4 19. Rad1 Qf6 20. Qe4 Bxc5 21.
Kg2 Rae8 22. Qg4 Re5 23. h4 Rh5 24. Rh1 Qxb2 25. Rhf1 Qf6 26. Rh1 Rf5 27. Be2
Qb2 28. Qc4 b5 29. Qd3 Rd5 30. Rb1 Qxa2 31. Qe4 Rd2 32. Qxc6 Bxf2 33. Ra1 Qb2
34. Rhb1 Qd4 35. Qxb5 Bxh4 36. Kh3 Qf2 37. Qe5 Rxe2 38. Qf4 Be7 39. Qg3 Qxg3+
40. Kxg3 Bd6+ 41. Kg4 h5+ 42. Kh4 Rh2+ 43. Kg5 Kh7 0-1

[Event "AUTO-MASTER-1083"]
[Site "http://www.queenalice.com/game.php?id=754486"]
[Date "2010.3.31"]
[Round "1"]
[White "hautruong"]
[Black "woinic"]
[Result "1/2-1/2"]
[WhiteElo "2021"]
[BlackElo "2089"]

1. Nf3 d5 2. g3 Nf6 3. Bg2 c6 4. b3 Bf5 5. O-O h6 6. Bb2 e6 7. d3 Be7 8. Nbd2
O-O 9. Re1 Nbd7 10. Nd4 Bg6 11. c4 c5 12. Nc2 Qc7 13. cxd5 Nxd5 14. e4 N5b6 15.
Nf3 Rad8 16. Rc1 Bf6 17. e5 Be7 18. Re2 Nd5 19. Nce1 Qa5 20. a3 b5 21. Nd2 Qb6
22. Ne4 Qb8 23. d4 cxd4 24. Qxd4 Rc8 25. Rxc8 Rxc8 26. Nd6 Rc5 27. b4 Rc6 28.
Bxd5 exd5 29. Qxd5 Rb6 30. Bd4 Ra6 31. Nxf7 Bxf7 32. Qxd7 Bf8 33. e6 Be8 34. Qd5
Be7 35. Bc5 Bc6 36. Qf5 Qf8 37. Qd3 Bb7 38. f4 Bxc5+ 39. bxc5 Qxc5+ 40. Qe3
Qxe3+ 41. Rxe3 Kf8 42. f5 Ke7 43. Kf2 Ra4 44. Nf3 a5 45. Rc3 Be4 46. Nh4 Kf6 47.
g4 Bd5 48. Kg3 b4 49. axb4 axb4 50. Re3 Ra3 51. Kf4 Rxe3 52. Kxe3 g5 53. Ng6
Bxe6 54. Kd4 Bf7 55. Ne5 Be8 56. Nd3 b3 57. Kc3 h5 58. h3 hxg4 59. hxg4 Bc6 60.
Kxb3 Be4 61. Kc3 Bxf5 62. gxf5 1/2-1/2

[Event "AUTO-MASTER-1083"]
[Site "http://www.queenalice.com/game.php?id=754487"]
[Date "2010.3.31"]
[Round "1"]
[White "woinic"]
[Black "hautruong"]
[Result "1-0"]
[WhiteElo "2045"]
[BlackElo "2049"]

1. c4 e5 2. Nc3 Nf6 3. g3 d5 4. cxd5 Nxd5 5. Bg2 Nxc3 6. bxc3 Bc5 7. d3 Qf6 8.
e3 O-O 9. Ne2 Nd7 10. O-O Rb8 11. Rb1 b6 12. d4 exd4 13. cxd4 Bd6 14. Bb2 Qe6
15. e4 Bb7 16. d5 Qe8 17. Nd4 Ne5 18. Nf5 Bc5 19. Kh1 f6 20. f4 Nc4 21. Bd4 Bxd4
22. Qxd4 Nd6 23. Ne3 Nf7 24. Rfd1 Rd8 25. Qc3 c6 26. Qa3 Ra8 27. Nf5 Kh8 28.
Rbc1 cxd5 29. Rc7 Bc8 30. Re7 Qb5 31. Rxf7 Rxf7 32. Nd6 Qe2 33. Nxf7+ Kg8 34.
Bf3 Qf2 35. Nd6 Bh3 36. Qd3 Qxa2 37. e5 Be6 38. f5 fxe5 39. fxe6 e4 40. Bxe4
dxe4 41. Qxe4 1-0

[Event "AUTO-MASTER-1083"]
[Site "http://www.queenalice.com/game.php?id=754488"]
[Date "2010.3.31"]
[Round "1"]
[White "hautruong"]
[Black "Donidon"]
[Result "0-1"]
[WhiteElo "2033"]
[BlackElo "2282"]

1. d4 Nf6 2. c4 d5 3. cxd5 Qxd5 4. Nc3 Qa5 5. Nf3 c6 6. Bd2 Qc7 7. Bg5 Nbd7 8.
e4 e5 9. dxe5 Nxe5 10. Bxf6 gxf6 11. Be2 Bd6 12. Qd2 Be6 13. Qh6 Nxf3+ 14. Bxf3
O-O-O 15. g3 Bc4 16. Be2 Bxe2 17. Kxe2 Be5 18. Qe3 Bd4 19. Qf3 Qb6 20. Rab1 Bxf2
21. Qxf6 Bd4 22. Qf5+ Kb8 23. Rhd1 f6 24. Kf3 h5 25. Na4 Qb4 26. Nc3 h4 27. a3
Qb3 28. g4 Be5 29. Rdc1 Rd2 30. g5 Rhd8 31. gxf6 R8d3+ 32. Kg4 Rg2+ 33. Kh5 Qf7+
34. Kh6 Bd6 0-1

[Event "AUTO-MASTER-1083"]
[Site "http://www.queenalice.com/game.php?id=754489"]
[Date "2010.3.31"]
[Round "1"]
[White "Donidon"]
[Black "hautruong"]
[Result "1-0"]
[WhiteElo "2279"]
[BlackElo "2027"]

1. e4 e6 2. d4 d5 3. Nc3 dxe4 4. Nxe4 Nf6 5. Bd3 Be7 6. Nf3 Nc6 7. O-O O-O 8. c3
Nxe4 9. Bxe4 Bd7 10. Qc2 f5 11. Bd3 Bf6 12. Qb3 Na5 13. Qb4 b6 14. Bb5 c6 15.
Be2 Be7 16. Qa4 c5 17. Qc2 cxd4 18. Nxd4 e5 19. Nb3 Bc6 20. Nxa5 bxa5 21. Rd1
Qc7 22. Bd3 Rad8 23. Be3 Kh8 24. Bxf5 g6 25. Be4 Bxe4 26. Qxe4 Rb8 27. Qc2 Rf5
28. Rd5 Bg5 29. g4 Bxe3 30. gxf5 Bf4 31. Rad1 Rg8 32. fxg6 Qe7 33. Qf5 Rxg6+ 34.
Kf1 Rg8 35. Rd7 Qh4 36. Rf7 Bxh2 37. Rf8 Bf4 38. Rd7 1-0

[Event "Challenge"]
[Site "http://www.queenalice.com/game.php?id=758862"]
[Date "2010.4.10"]
[Round "-"]
[White "ORNELAS"]
[Black "hautruong"]
[Result "0-1"]
[WhiteElo "1657"]
[BlackElo "2029"]

1. b3 e5 2. d3 d5 3. Bb2 Nc6 4. g3 Bc5 5. e3 Nf6 6. Bg2 Bg4 7. Ne2 O-O 8. h3 Bh5
9. Nd2 Re8 10. g4 Bg6 11. Nf3 e4 12. dxe4 Bxe4 13. Nc3 Bg6 14. Qd2 d4 15. O-O-O
dxc3 16. Qxc3 Qe7 17. Kb1 Bb4 18. Qc4 Qe4 19. Qb5 Qxc2+ 20. Ka1 Bc3 21. Bxc3
Qxc3# 0-1

[Event "Challenge"]
[Site "http://www.queenalice.com/game.php?id=760141"]
[Date "2010.4.13"]
[Round "-"]
[White "ORNELAS"]
[Black "hautruong"]
[Result "0-1"]
[WhiteElo "1666"]
[BlackElo "2016"]

1. b3 e5 2. Bb2 Nc6 3. d3 d5 4. g3 Bb4+ 5. c3 Ba5 6. b4 Bb6 7. e3 Nf6 8. Bg2 O-O
9. a4 a6 10. a5 Ba7 11. Nd2 d4 12. e4 dxc3 13. Bxc3 Qxd3 14. Ngf3 Qxc3 15. O-O
Qxb4 16. Qc2 Bg4 17. Rfb1 Qc5 18. Qd1 Qxf2+ 19. Kh1 Rad8 20. Qc2 Bxf3 21. Rg1
Rxd2 22. Raf1 Bxg2+ 23. Rxg2 Qxg2# 0-1

[Event "Challenge"]
[Site "http://www.queenalice.com/game.php?id=767240"]
[Date "2010.4.27"]
[Round "-"]
[White "colatina"]
[Black "hautruong"]
[Result "0-1"]
[WhiteElo "1790"]
[BlackElo "2043"]

1. e4 c5 2. Nf3 Nc6 3. d4 cxd4 4. Nxd4 e5 5. Nf5 Nf6 6. Bg5 Qa5+ 7. c3 Nxe4 8.
b4 Qc7 9. Be3 Ne7 10. Nxe7 Bxe7 11. f3 Nf6 12. Bg5 O-O 13. Bd3 d5 14. g3 Rd8 15.
O-O h6 16. Bxf6 Bxf6 17. Qc2 Qb6+ 18. Rf2 Bh3 19. Qa4 Qe3 20. Qc2 Rac8 21. Qe2
Qc1+ 22. Rf1 Bxf1 23. Qxf1 Qb2 24. Na3 Qxa3 25. Qc1 Qxc3 26. Qxc3 Rxc3 27. Be2
e4 28. fxe4 dxe4 29. Rd1 Rxd1+ 30. Bxd1 Rc1 0-1